00544nam a2200169Ia 4500100003200000650001600032942000700048366000700055654001600062245009000078260001800168082000800186300000800194546001200202999001700214952014300231 aReddy/S.R.N/ Chande/Suresh  asmart phone cBK f20 asmart phone aDesign and development of smart phone: A practical approach by using Raspberry Pi 2/3 bOreillyc2016 bRED a137 aENGLISH c23564d23564 001040708CRCaCRCEbCRCEd2023-03-17eShroff Publishersg300.00i4112 dt 20.01.2018l0o REDp25062r2023-03-17v375.00w0000-00-00yBK